Մանկական պատմվածքներ / (Record no. 144670)
[ view plain ]
| 000 -LEADER | |
|---|---|
| fixed length control field | 00885nam a2200217 a 4500 |
| 003 - CONTROL NUMBER IDENTIFIER | |
| control field | AM-YeHGA |
| 005 - DATE AND TIME OF LATEST TRANSACTION | |
| control field | 20250618072312.0 |
| 008 - FIXED-LENGTH DATA ELEMENTS--GENERAL INFORMATION | |
| fixed length control field | 041105s1937 ai 000 | arm d |
| 040 ## - CATALOGING SOURCE | |
| Original cataloging agency | AM-YeHGA |
| 041 0# - LANGUAGE CODE | |
| Language code of text/sound track or separate title | arm |
| 090 ## - LOCALLY ASSIGNED LC-TYPE CALL NUMBER (OCLC); LOCAL CALL NUMBER (RLIN) | |
| -- | 146054 |
| 100 0# - MAIN ENTRY--PERSONAL NAME | |
| Personal name | Արաքս, |
| Dates associated with a name | 1903-1978 |
| 9 (RLIN) | 97 |
| 245 10 - TITLE STATEMENT | |
| Title | Մանկական պատմվածքներ / |
| Statement of responsibility, etc. | Արաքս; Շապիկը և նկ.՝ Մ. Բաղդասարյան; Խմբ.՝ Սիրաս. |
| 260 ## - PUBLICATION, DISTRIBUTION, ETC. | |
| Place of publication, distribution, etc. | Յերևան : |
| Name of publisher, distributor, etc. | Պետհրատ, |
| Date of publication, distribution, etc. | 1937. |
| 300 ## - PHYSICAL DESCRIPTION | |
| Extent | 48 էջ : |
| Other physical details | նկ. ; |
| Dimensions | 22 սմ. |
| 650 14 - SUBJECT ADDED ENTRY--TOPICAL TERM | |
| Topical term or geographic name entry element | Հայ մանկական գրականություն |
| General subdivision | Պատմվածք |
| 700 1# - ADDED ENTRY--PERSONAL NAME | |
| Personal name | Բաղդասարյան, Մ. |
| Relator term | նկ. |
| Relationship | art |
| 9 (RLIN) | 465 |
| 700 1# - ADDED ENTRY--PERSONAL NAME | |
| Personal name | Սիրաս, Հմայակ Սահակի, |
| Dates associated with a name | 1902-1983 |
| Relator term | խմբ. |
| Relationship | edt |
| 9 (RLIN) | 1945 |
| 856 4# - ELECTRONIC LOCATION AND ACCESS | |
| Uniform Resource Identifier | <a href="http://greenstone.flib.sci.am/gsdl/collect/opac/books/mankakan.pdf">http://greenstone.flib.sci.am/gsdl/collect/opac/books/mankakan.pdf</a> |
| Link text | Կարդալ առցանց |
| Materials specified | |
| 942 ## - ADDED ENTRY ELEMENTS (KOHA) | |
| Source of classification or shelving scheme | Universal Decimal Classification |
| Koha item type | Գրքեր / Books |
| Withdrawn status | Lost status | Damaged status | Not for loan | Collection | Home library | Current library | Date acquired | Total checkouts | Full call number | Barcode | Date last seen | Cost, replacement price | Price effective from | Koha item type | Public note |
|---|---|---|---|---|---|---|---|---|---|---|---|---|---|---|---|
| General | Fundamental Scientific Library | Fundamental Scientific Library | 22/12/2016 | AII/23996 | FL0002554 | 22/12/2016 | 20.00 | 22/12/2016 | Գրքեր / Books | 30 Days Loan |
ՀՀ Գիտությունների ազգային ակադեմիայի հիմնարար գիտական գրադարան = Fundamental Scientific Library of NAS RA
All site content, except where otherwise noted, is licensed under a